000 00399nam a2200133Ia 4500
008 220216s9999 xx 000 0 und d
100 _aKarthikakuttyamma M.
245 0 _aSoil and agronomic studies in Hevea: A Bibliography
260 _bRubber Research Institute of India, Kottayam, India, 76 p.
_c2004
650 _aBibliography
650 _aRubber soil
700 _aSatisha G.C.
942 _cBS
999 _c52581
_d52581